000 00614nam a22002052 4500
001 0000025028
005 20151217160130.0
008 141025s xx 000 0 eng d
020 _a0131652958 :
040 _aKABU
_cKABU
245 1 0 _aSkills development workbook.
260 _aUpper Saddle River :
_bPearson education.
300 _axvii, 342 p.
650 0 _aSkills development.
_@0000185408
908 _a141025
950 _@1
999 _c14709
_d14709